Skrytá za lží /
Napínavý thriller, kde se děj knihy začíná odehrávat ve skutečnosti. Autorka Emilia musí zjistit, kdo sleduje její práci - a proč se její fikce mění v realitu.
Uloženo v:
| Hlavní autor: | |
|---|---|
| Další autoři: | |
| Médium: | E-kniha |
| Jazyk: | Czech |
| Vydáno: |
Praha :
Kniha Zlin,
2025
|
| Vydání: | Vydání první |
| Témata: | |
| Tagy: |
Žádné tagy |
| LEADER | 02507nam a2200469 i 4500 | ||
|---|---|---|---|
| 001 | 312814 | ||
| 003 | CZ PrSKC | ||
| 005 | 20260601215729.0 | ||
| 007 | ta | ||
| 008 | 250909s2025 xr g 000 f cze | ||
| 015 | |a cnb003707839 | ||
| 020 | |a 9788076629059 |q (brožováno) : |c Kč 449,00 | ||
| 035 | |a (OCoLC)1544835977 | ||
| 040 | |a OLA001 |b cze |e rda | ||
| 041 | 1 | |a cze |h eng | |
| 072 | 7 | |a 821.111-3 |x Anglická próza, anglicky psaná |2 Konspekt | |
| 080 | |a 821.111-31 |2 MRF | ||
| 080 | |a (0:82-312.4) |2 MRF | ||
| 100 | 1 | |a Douglas, Claire, |d 1974- |7 xx0307505 |4 aut | |
| 240 | 1 | 0 | |a Woman who lied. |l Česky |
| 245 | 1 | 0 | |a Skrytá za lží / |c Claire Douglas ; přeložila Petra Krámková |
| 250 | |a Vydání první | ||
| 264 | 1 | |a Praha : |b Kniha Zlin, |c 2025 | |
| 300 | |a 347 stran ; |c 20 cm | ||
| 336 | |a text |b txt |2 rdacontent | ||
| 337 | |a bez média |b n |2 rdamedia | ||
| 338 | |a svazek |b nc |2 rdacarrier | ||
| 500 | |a Přeloženo z angličtiny | ||
| 520 | 2 | |a Napínavý thriller, kde se děj knihy začíná odehrávat ve skutečnosti. Autorka Emilia musí zjistit, kdo sleduje její práci - a proč se její fikce mění v realitu. |b Emilia Wardová žije na poklidném předměstí Londýna. Na první pohled zcela obyčejná manželka a matka dvou dětí je ale slavná spisovatelka. Právě když píše desátý díl své detektivní série, nabere její život nečekané a nebezpečné obrátky: v realitě se totiž odehraje scéna z její knihy. A potom někdo zemře stejnou smrtí jako oběť v knize, kterou zrovna dokončuje. Proč jí tohle někdo dělá? Kdo může vědět, o čem píše? Nakladatelská anotace. Kráceno. | |
| 655 | 7 | |a anglické romány |7 fd131814 |2 czenas | |
| 655 | 7 | |a detektivní romány |7 fd132010 |2 czenas | |
| 655 | 7 | |a thrillery (romány) |7 fd184206 |2 czenas | |
| 655 | 9 | |a English fiction |2 eczenas | |
| 655 | 9 | |a detective novels |2 eczenas | |
| 655 | 9 | |a thrillers (novels) |2 eczenas | |
| 700 | 1 | |a Krámková, Petra |7 xx0212621 |4 trl | |
| 900 | |a ABA001 |b 20 | ||
| 928 | 9 | |a Albatros Media - Kniha Zlin | |
| 044 | |a xr | ||
| 910 | |a RBIT002 | ||
| 998 | |d 422364 |a https://core.palmknihy.cz/api/books/422364/cover?t2gmom |b https://core.palmknihy.cz/api/books/422364/cover/400?t2gmom |c https://core.palmknihy.cz/api/books/422364/cover/50?t2gmom |e 2029-10-01 |g 360 |i 9788076629059 |j https://core.palmknihy.cz/api/books/422364/preview.epub |k https://core.palmknihy.cz/api/books/422364/preview.pdf |l |q 49 |r 1 |s https://www.palmknihy.cz/kniha/422364 |t ebook |y 2025 |z 0 | ||
| 999 | |d 312812 | ||